Statistiche per Elenca la formazione - Quiz n°119

Clicka qui per fare il quiz!

Statistiche generali

  • Questo quiz è stato fatto 17 volte
  • Il punteggio medio è 10 su 11

Statistiche sulle risposte

RuoloNazioneCalciatore% Corretto
AlaCroaziaIvan Perišić
100%
CentrocampistaCroaziaMarcelo Brozović
100%
DifensoreSlovacchiaMilan Škriniar
100%
PortiereSloveniaSamir Handanovič
100%
DifensorePaesi BassiStefan de Vrij
100%
DifensoreGhanaKwadwo Asamoah
93%
CentrocampistaUruguayMatías Vecino
87%
AttaccanteArgentinaMauro Icardi
87%
AlaItaliaMatteo Politano
80%
DifensoreBrasileMiranda
80%
TrequartistaBelgioRadja Nainggolan
60%

Distribuzione punteggi

Percentile per numero di risposta

Percentuale di utenti per punteggio

I tuoi punteggi nel tempo

Non hai fatto questo quiz